| 000 | 00657nam a22001937a 4500 | ||
|---|---|---|---|
| 005 | 20100726134156.0 | ||
| 010 | _aENG-96925 | ||
| 020 |
_a9788128812545 _c125.00 |
||
| 035 | _aEN-80458 | ||
| 037 | _bDBAD/PUB | ||
| 082 | _a181.45 | ||
| 100 |
_aGandhi, M. K. _9893 |
||
| 245 |
_aThe bhagvadgita / _cM. K. Gandhi |
||
| 260 |
_aNew Delhi _bDiamond Books _c2009 |
||
| 270 |
_aX-30, Okhla Industrial Area, Phase-II _bNew Delhi _e110020 |
||
| 300 |
_a295 p. _c23 cm (Pbk) |
||
| 942 |
_2ddc _cEN _h181.45 _mGAN |
||
| 999 |
_c37706 _d37706 |
||